000 00528nab a2200145Ia 4500
003 ES-SlBCS
005 20210601133743.0
008 140529s2012 xxu||||| |||| 00| 0 por d
041 _apor
100 1 _aCandeias Martins, Ernesto
_9209180
245 0 0 _aPerspectiva epistemológica da realidade: independência - coexistência nas formas de conhecimento
_c Ernesto Candeias Martins
650 0 4 _aEpistemología Educativa
_9209265
773 0 _tEducaçao e Filosofia
_gvol. 26, nº. 51, 2012, págs. 263-288
_wRev1534
942 _cAR
999 _c601568
_d601568